Ginecología quirúrgica (Registro nro. 3771)

Detalles MARC
000 -CABECERA
campo de control de longitud fija 01210nam a2200301 i 4500
001 - NÚMERO DE CONTROL
campo de control Rebiun00719068
003 - IDENTIFICADOR DEL NÚMERO DE CONTROL
campo de control AR-RoIUNI
005 - FECHA Y HORA DE LA ÚLTIMA TRANSACCIÓN
campo de control 20241122062657.0
008 - DATOS DE LONGITUD FIJA--INFORMACIÓN GENERAL
campo de control de longitud fija 070220s2006 ag a 000 0 spa c
020 ## - NÚMERO INTERNACIONAL ESTÁNDAR DEL LIBRO
Número Internacional Estándar del Libro 9789500621205
Información calificativa (t.1)
020 ## - NÚMERO INTERNACIONAL ESTÁNDAR DEL LIBRO
Número Internacional Estándar del Libro 9789500621182
Información calificativa (o.c.)
040 ## - FUENTE DE LA CATALOGACIÓN
Centro catalogador/agencia de origen NoBUC-UCN.
Centro/agencia modificador SpMaUCME
Centro/agencia transcriptor AR-RoIUNI
080 ## - NÚMERO DE LA CLASIFICACIÓN DECIMAL UNIVERSAL
Número de la Clasificación Decimal Universal 618.1 ROC
084 ## - OTRO NÚMERO DE CLASIFICACIÓN
Número de clasificación WP 100
100 1# - ENTRADA PRINCIPAL--NOMBRE DE PERSONA
Nombre de persona Rock, John A.
9 (RLIN) 293
245 10 - MENCIÓN DE TÍTULO
Título Ginecología quirúrgica
Mención de responsabilidad, etc. John A. Rock, Howard W. Jones
Número de parte o sección de la obra Tomo 1
246 ## - FORMA VARIANTE DE TÍTULO
Título propio/Titulo breve Te Linde Ginecología quirúrgica
250 ## - MENCIÓN DE EDICIÓN
Mención de edición 9a.ed
260 ## - PUBLICACIÓN, DISTRIBUCIÓN, ETC. (PIE DE IMPRENTA)
Lugar de publicación, distribución, etc. Buenos Aires
-- Madrid [etc.]
Nombre del editor, distribuidor, etc. Editorial Médica Panamericana
Fecha de publicación, distribución, etc. 2006
300 ## - DESCRIPCIÓN FÍSICA
Extensión v. 1, 1028 p.
Otras características físicas il. bl. y n.
Dimensiones 28 cm
505 0# - NOTA DE CONTENIDO CON FORMATO
Nota de contenido con formato TOMO 1SECCIÓN I. ASPECTOS GENERALES DE LA PRÁCTICA DE LA GINECOLOGÍA QUIRÚRGICASECCIÓN II. PRINCIPIOS DE ANATOMÍA Y CONSIDERACIONES PERIOPERATORIASSECCIÓN III. PRINCIPIOS DE TÉCNICAS QUIRÚRGICAS GINECOLÓGICASSECCIÓN IV. CIRUGÍA PARA LA FERTILIDAD Y PARA ENFERMEDADES GINECOLÓGICAS BENIGNAS
650 10 - PUNTO DE ACCESO ADICIONAL DE MATERIA--TÉRMINO DE MATERIA
Término de materia o nombre geográfico como elemento inicial Ginecología
9 (RLIN) 100
650 04 - PUNTO DE ACCESO ADICIONAL DE MATERIA--TÉRMINO DE MATERIA
Término de materia o nombre geográfico como elemento inicial OBSTETRICIA
9 (RLIN) 283
650 10 - PUNTO DE ACCESO ADICIONAL DE MATERIA--TÉRMINO DE MATERIA
Término de materia o nombre geográfico como elemento inicial Medicina
9 (RLIN) 58
650 10 - PUNTO DE ACCESO ADICIONAL DE MATERIA--TÉRMINO DE MATERIA
Término de materia o nombre geográfico como elemento inicial Ginecología y Obstetricia
9 (RLIN) 287
700 1# - PUNTO DE ACCESO ADICIONAL--NOMBRE DE PERSONA
Nombre de persona Jones, Howard W.
Títulos y otros términos asociados al nombre III,
Término indicativo de función/relación ed. lit
942 ## - ELEMENTOS DE PUNTO DE ACCESO ADICIONAL (KOHA)
Fuente del sistema de clasificación o colocación Clasificación Decimal Universal
Tipo de ítem Koha Libros
Existencias
Estado de retiro Estado de pérdida Fuente del sistema de clasificación o colocación Estado dañado Excepción de préstamo Código de colección Localización permanente Ubicación/localización actual Ubicación en estantería Fecha de adquisición Número de inventario Total de préstamos Signatura topográfica completa Código de barras Fecha visto por última vez Precio válido a partir de Tipo de ítem Koha
    Clasificación Decimal Universal     Medicina BIBLIOTECA CENTRAL BIBLIOTECA CENTRAL BIBLIOTECA CENTRAL 29/10/2018 3931   618.1 ROC 3931c 28/03/2018 28/03/2018 Libros